Cantons of Switzerland by Population - Statistics

General Stats
  • This quiz has been taken 56 times
  • The average score is 7 of 10
Answer Stats
Population Canton % Correct
1.55mil Zurich
100%
1.04mil Bern
98%
814'000 Vaud
84%
506'000 Geneva
81%
694'000 Aargau
70%
515'000 St. Gallen
67%
416'000 Lucerne
53%
351'000 Ticino
51%
349'000 Valais
51%
325'000 Fribourg
35%
No matching quizzes found
Score Distribution
Percent of People with Each Score
Percentile by Number Answered
Your Score History
You have not taken this quiz